00510nam a2200169Ia 450000500170000000800410001702000180005808200130007624500140008926000420010330000130014550000460015870000200020494200060022495200950023099900150032520250630014844.0240331s9999 xx 000 0 und d a9789559573227 bPUNa070 0aPunkalasa aColombobLake House publicationc2007 a236 p ., aA book on Silumina Academic Letter Series aSilumina. eedt cL 001040708LaWERCLbWERCLcSSCd2024-03-31l0o 070 PUNp6185r2024-03-31w2024-03-31yL c5019d5019